[Event "Berlin Spandau op"]
[Site "Berlin"]
[Date "2019.12.30"]
[Round "7"]
[White "Balov, Darko"]
[Black "Yepes Gavidia, Ricardo"]
[Result "1-0"]
[WhiteElo "2094"]
[BlackElo "1685"]
[PlyCount "53"]
[EventDate "2019.12.27"]
[EventType "swiss"]
[EventRounds "7"]
[EventCountry "GER"]
[SourceTitle "CBM 194 Extra"]
[Source "ChessBase"]
[SourceDate "2020.03.31"]
[SourceVersion "1"]
[SourceVersionDate "2020.03.31"]
[SourceQuality "1"]

1. d4 d5 2. c4 dxc4 3. e3 Nf6 4. Bxc4 e6 5. Nf3 a6 6. a4 c5 7. 0-0 Nc6 8. Nc3 b6 9. Qe2 Bb7 10. Rd1 Qc7 11. d5 exd5 12. Nxd5 Nxd5 13. Bxd5 Nb4 14. e4 Be7 15. Bxf7+ Kxf7 16. Rd7 Qxd7 17. Ne5+ Ke8 18. Nxd7 Kxd7 19. Qg4+ Kc6 20. Qe6+ Bd6 21. Bf4 Rad8 22. Rd1 Bc8 23. Rxd6+ Kb7 24. Qf7+ Ka8 25. Qc7 Rxd6 26. Bxd6 Bb7 27. Qxb6 1-0

[Event "Berlin Lieb Memorial 4th"]
[Site "Berlin"]
[Date "2018.06.28"]
[Round "6"]
[White "Balov, Darko"]
[Black "Figura, Atila Gajo"]
[Result "0-1"]
[WhiteElo "2109"]
[BlackElo "2386"]
[PlyCount "108"]
[EventDate "2018.05.17"]
[EventType "swiss"]
[EventRounds "7"]
[EventCountry "GER"]
[SourceTitle "CBM 189 Extra"]
[Source "ChessBase"]
[SourceDate "2019.06.03"]
[SourceVersion "1"]
[SourceVersionDate "2019.06.03"]
[SourceQuality "1"]

1. b4 d5 2. Bb2 Bg4 3. Nf3 Nd7 4. d4 e6 5. b5 Bxf3 6. exf3 Nb6 7. a4 Nf6 8. Nd2 Be7 9. Bd3 0-0 10. 0-0 c5 11. dxc5 Bxc5 12. a5 Nbd7 13. c4 d4 14. f4 Qc7 15. Qf3 Rfe8 16. Nb3 e5 17. fxe5 Nxe5 18. Qh3 Nxd3 19. Qxd3 Rad8 20. h3 Nh5 21. Qf3 Nf4 22. Rfe1 Ne6 23. Red1 b6 24. axb6 axb6 25. Qg4 g6 26. Rac1 h5 27. Qf3 Qe5 28. Re1 Ng5 29. Qd1 Qf4 30. Qd2 Rxe1+ 31. Rxe1 Qf6 32. Qd3 Ne6 33. Re4 Qf5 34. Bc1 Ra8 35. g4 hxg4 36. hxg4 Qf6 37. Kg2 Ra2 38. Qf3 Qxf3+ 39. Kxf3 Rc2 40. Nxc5 bxc5 41. Re1 Rxc4 42. Bd2 Rc2 43. Bc1 Rc3+ 44. Ke4 Rb3 45. f4 Nc7 46. Ke5 Nxb5 47. Kf6 Nc7 48. f5 Rb6+ 49. Kg5 Nd5 50. Re8+ Kg7 51. Rc8 f6+ 52. Kh4 g5+ 53. Kh5 Rb3 54. Bxg5 Nf4+ 0-1

[Event "FRM-chT 24th"]
[Site "Struga"]
[Date "2015.07.24"]
[Round "5"]
[White "Gecovski, Goce"]
[Black "Balov, Darko"]
[Result "1-0"]
[WhiteElo "2153"]
[BlackElo "2168"]
[PlyCount "117"]
[EventDate "2015.07.20"]
[EventType "team-tourn"]
[EventRounds "7"]
[EventCountry "MKD"]
[SourceTitle "CBM 167 Extra"]
[Source "ChessBase"]
[SourceDate "2015.09.14"]
[SourceVersion "1"]
[SourceVersionDate "2015.09.14"]
[SourceQuality "1"]
[WhiteTeam "Bitola Stevo Patako"]
[BlackTeam "Prilep"]
[WhiteTeamCountry "MKD"]
[BlackTeamCountry "MKD"]

1. d4 Nf6 2. Nf3 d5 3. c4 c6 4. Nc3 e6 5. Bg5 Nbd7 6. e3 Bb4 7. Qc2 Qa5 8. Nd2 0-0 9. Bh4 Bd6 10. Nb3 Qc7 11. c5 Be7 12. Bd3 h6 13. g4 e5 14. f3 exd4 15. exd4 Re8 16. Ne2 b6 17. Bg3 Qd8 18. 0-0-0 bxc5 19. dxc5 a5 20. a4 Ba6 21. Bxa6 Rxa6 22. Ned4 Bf8 23. Rde1 Qc8 24. h4 Rxe1+ 25. Rxe1 Qb7 26. g5 Nh5 27. Bd6 hxg5 28. hxg5 g6 29. Re8 Ng7 30. Rd8 Ra8 31. Rxa8 Qxa8 32. Qc3 Qd8 33. f4 Bxd6 34. cxd6 Nb8 35. Qc5 Ne8 36. Nxa5 Nxd6 37. Naxc6 Nxc6 38. Nxc6 Qc7 39. Qxd5 Ne8 40. Qc4 Nd6 41. Qc5 Nf5 42. Qc4 Ne3 43. Qe4 Qb6 44. Qe8+ Kg7 45. b4 Nc4 46. Qe4 Qg1+ 47. Kc2 Qf2+ 48. Kc3 Ne3 49. Qd4+ Kh7 50. Kd3 Qc2+ 51. Kxe3 Qxc6 52. b5 Qe6+ 53. Kd2 Qa2+ 54. Kc3 Qa3+ 55. Kc4 Qxa4+ 56. Kc5 Qa3+ 57. Kc6 Qa8+ 58. Kc7 Qe8 59. Qe5 1-0

[Event "FRM-chT 24th"]
[Site "Struga"]
[Date "2015.07.23"]
[Round "4"]
[White "Cvetkovski, Slobodan"]
[Black "Balov, Darko"]
[Result "1/2-1/2"]
[WhiteElo "1847"]
[BlackElo "2168"]
[PlyCount "49"]
[EventDate "2015.07.20"]
[EventType "team-tourn"]
[EventRounds "7"]
[EventCountry "MKD"]
[SourceTitle "CBM 167 Extra"]
[Source "ChessBase"]
[SourceDate "2015.09.14"]
[SourceVersion "1"]
[SourceVersionDate "2015.09.14"]
[SourceQuality "1"]
[WhiteTeam "Skopje Karposh"]
[BlackTeam "Prilep"]
[WhiteTeamCountry "MKD"]
[BlackTeamCountry "MKD"]

1. e4 c6 2. d4 d5 3. e5 Bf5 4. Bd3 Bxd3 5. Qxd3 e6 6. Nf3 Nd7 7. 0-0 Ne7 8. Nc3 a6 9. a4 c5 10. Ne2 Nc6 11. c3 cxd4 12. cxd4 Be7 13. Bd2 Rc8 14. Bc3 0-0 15. Nd2 Bb4 16. f4 Qb6 17. Kh1 Bxc3 18. bxc3 Ne7 19. Rfb1 Qc6 20. a5 Rc7 21. h3 Rfc8 22. Rb3 Nf5 23. g4 Ne7 24. Kh2 f5 25. g5 1/2-1/2

[Event "FRM Cup 11th"]
[Site "Stip"]
[Date "2002.05.10"]
[Round "3"]
[White "Ilic, Zoran"]
[Black "Balov, Darko"]
[Result "1/2-1/2"]
[WhiteElo "2360"]
[BlackElo "2161"]
[PlyCount "60"]
[EventDate "2002.05.08"]
[EventType "team"]
[EventRounds "5"]
[EventCountry "MKD"]
[SourceTitle "CBM 088 Extra"]
[Source "ChessBase"]
[SourceDate "2002.07.01"]
[SourceVersion "2"]
[SourceVersionDate "2002.07.01"]
[SourceQuality "1"]

1. c4 Nf6 2. Nf3 g6 3. b4 Bg7 4. Bb2 d6 5. d3 0-0 6. Nbd2 Nbd7 7. g3 c5 8. bxc5 Nxc5 9. Bg2 Bd7 10. 0-0 Na4 11. Rb1 Nxb2 12. Rxb2 Rb8 13. Qb1 b5 14. Rc1 bxc4 15. Nxc4 Nd5 16. Rxb8 Qxb8 17. Qxb8 Rxb8 18. Nfe5 Be6 19. Nc6 Rb7 20. Nd8 Rb8 21. Nxe6 fxe6 22. Bxd5 exd5 23. Ne3 e6 24. Rc6 Rb6 25. Rc8+ Bf8 26. Ng4 Rb2 27. Rc7 Bg7 28. Rc8+ Bf8 29. Rc7 Bg7 30. Rc8+ Bf8 1/2-1/2